WWE Champions by Year - 2007 - Statistics

General Stats
  • This quiz has been taken 337 times
  • The average score is 31 of 42
Answer Stats
Title Date Event Wrestler % Correct
WWE Championship October 7 No Mercy Triple H
98%
World Heavyweight April 1 WrestleMania 23 The Undertaker
96%
World Heavyweight May 11 Smackdown Edge
95%
World Heavyweight December 16 Armageddon Edge
95%
WWE Championship October 7 No Mercy Randy Orton
95%
WWE Championship October 7 No Mercy Randy Orton
95%
World Heavyweight September 16 Unforgiven Batista
93%
World Tag Team January 29 Raw John Cena
93%
World Tag Team April 2 Raw Matt Hardy
92%
WWE Tag Team August 31 Smackdown Matt Hardy
92%
Intercontinental September 3 Raw Jeff Hardy
91%
World Tag Team April 2 Raw Jeff Hardy
91%
ECW Championship September 4 ECW CM Punk
90%
World Tag Team January 29 Raw Shawn Michaels
87%
ECW Championship June 24 Vengeance John Morrison
86%
WWE Tag Team November 16 Smackdown John Morrison
86%
United States May 20 Judgment Day MVP
84%
WWE Tag Team August 31 Smackdown MVP
84%
ECW World June 3 One Night Stand Bobby Lashley
83%
WWE Tag Team November 16 Smackdown The Miz
83%
Intercontinental February 19 Raw Umaga
77%
Intercontinental July 2 Raw Umaga
77%
Cruiserweight February 18 No Way Out Chavo Guerrero
76%
World Heavyweight July 20 Smackdown The Great Khali
76%
Women's April 24 House show Mickie James
73%
Intercontinental April 16 Raw Santino Marella
68%
ECW World April 29 Backlash Vince McMahon
68%
Women's February 19 Raw Melina
62%
Women's April 24 House show Melina
62%
Women's October 7 No Mercy Beth Phoenix
61%
Women's June 24 Vengeance Candice Michelle
54%
Cruiserweight July 22 The Great American Bash Hornswoggle
54%
World Tag Team June 4 Raw Lance Cade
54%
World Tag Team September 8 House show Lance Cade
54%
World Tag Team June 4 Raw Trevor Murdoch
53%
World Tag Team September 8 House show Trevor Murdoch
53%
World Tag Team September 5 House show Brian Kendrick
51%
World Tag Team September 5 House show Paul London
49%
World Tag Team December 10 Raw Cody Rhodes
47%
WWE Tag Team April 20 Smackdown Deuce
45%
WWE Tag Team April 20 Smackdown Domino
45%
World Tag Team December 10 Raw Hardcore Holly
44%
No matching quizzes found
Score Distribution
Percent of People with Each Score
Percentile by Number Answered
Your Score History
You have not taken this quiz